000 01090nam a2200277 i 4500
003 EG-GICUC
005 20260424082740.0
008 260424s1933 It |||fr|||| 00| 0 FRE d
040 _aEG-GiCUC
_bfre
_cEG-GiCUC
_dEG-GiCUC
_eRda
082 0 4 _221
_a343.045
_bMA . T
092 0 4 _221
099 _aLaw1 10 343.045 MA . T 1933
100 1 _aManzini, Avy. Vincenzo
_eAuteur
245 1 0 _aTrattato Diritto Penale Italiανο Secondo Il Codice Del 1930.
_nVolume Primo,
_pLa Scienza Del Diritto Penale Relazioni Fonti Del Diritto Penale Diritto Transitorio Diritto Penale Internazionale I Soggetti Il Reato L'imputabilitä /
_cAvy. Vincenzo Manzini.
264 1 _aTorino :
_bUnione Tipografico-editrice Torinese,
_c1933.
300 _aVi - Vii 727 page;
_c 24 cm.
336 _2rda contenu
_a texte
337 _2rda medias
_aOrdinateur
338 _2 transporteur rda
_a Ressource en ligne
500 _aIndice
650 1 _aDroit De Pénal
_yItalie
_2qrmak
651 1 _2qrmak
856 4 0 _uhttps://fll.law.cu.edu.eg/fulltext/bks/B10-10326.pdf
905 _a54
942 _2ddc
_cBK
_e21
_n0
999 _c73260
_d73260